000
00295nam a2200109Ia 4500
008
200302s9999 xx 000 0 und d
100
_a
Madelin Wexier
245
_a
Dining in Style 50 Great Hotel Restaurants of the World
260
_b
P B C International Inc.
260
_c
1996
300
_a
153 P.,
999
_c
1571
_d
1571